000 00530cam a22001932 4500
001 0000023868
005 20151217152250.0
008 130411s xx 000 0 eng d
020 _a0195726855 :
040 _aKABU
_cKABU
100 1 _aHussein, Ebrahim N.
_@0000178738
245 1 0 _aKwenye ukingo wa thim /
_cEbrahim N. Hussein.
250 _a1st ed.
260 _aNairobi :
_bO. U. P.,
_c1988.
300 _a27 p.
852 1 _9p250 KES
908 _a130411
950 _@1
999 _c10023
_d10023